| 000 | 00853cam a2200277 4500 | ||
|---|---|---|---|
| 008 | 090401t1993 xxu||||| |||| 00| 0 eng d | ||
| 020 | _a0906225191 | ||
| 035 | _a(Sirsi) u75405 | ||
| 041 | _aeng | ||
| 050 | _a690.0285 | ||
| 110 |
_aKPMG Peat Marwick _91767 |
||
| 245 | _aBuilding on IT for quality: a survey of information technology trends and needs in the construction industry. | ||
| 260 |
_aCambridge _bCICA _c1993 |
||
| 300 | _a28p. ; 30cm. | ||
| 350 | _a35 | ||
| 520 | _aCover title. | ||
| 650 | _aBUILDING INDUSTRY | ||
| 650 | _aCOMPUTERS | ||
| 650 | _aHARDWARE | ||
| 650 | _aMANAGEMENT-BUSINESS MANAGEMENT-INFORMATION MANAGEMENT | ||
| 650 | _aSOFTWARE | ||
| 690 | _aMANAGEMENT-BUSINESS MANAGEMENT-INFORMATION MANAGEMENT | ||
| 710 |
_aConstruction Industry Computing Association _92635 |
||
| 942 | _n0 | ||
| 948 | _c04/03/1997 | ||
| 999 |
_c96008 _d96008 |
||